000 00679nam a2200217 4500
003 OSt
005 20240726062822.0
006 a
008 240726b |||||||| |||| 00| 0 eng d
020 _a9780071222044
040 _aDWCL-Main lib.
_cOC
082 _2Ninth edition
_aCirc. 551 M787e 2011
100 _aCarla W. Montgomery
245 _aEnvironmental geology /
250 _aNinth edition
260 _aN.Y. :
_bMcGraw-Hill,
_cc2011.
300 _axvi,
_b(various paging) : col. ill. ; col. Maps. :
_c28 cm.
504 _aIncludes bibliographical references & index.
650 _a1. Environmental geology-Textbook.
942 _2ddc
_n0
_cBK-CIRC
_eNinth edition
_kCirc.
999 _c2811
_d2811